Lieder (Запис номер 519841)
[ съкратено ]
| 000 -Лидер | |
|---|---|
| Лидер | 02494njm a2200325 a 4500 |
| 003 - Код на организацията, давaща контролен номер | |
| Код на организацията, даваща контролен номер | BLK |
| 005 - Дата и час на последна редакция | |
| Дата и час на последна редакция | 20250301005548.0 |
| 007 - Фиксирано поле за физическо описани | |
| Физическо описание | sz bmmelaaahaa |
| 008 - Елементи от данни с фиксирана дължина | |
| Елементи с фиксирана дължина | 241008b bul |a|er|||| |0| c|bulo| |
| 028 ## - PUBLISHER NUMBER | |
| Издателски номер | 8 25 965 |
| 040 ## - Източник на каталожния запис | |
| Код на библиотеката | BLK |
| 041 ## - Код за език | |
| Език на записа | Немски |
| Език за КДБФ | Немски |
| 080 ## - УДК | |
| УДК текст | Вокални произведения |
| УДК код | 78.087.6 |
| УДК – определител | (086.7) |
| УДК – код + определител | 78.087.6(086.7) |
| 080 ## - УДК | |
| УДК текст | Пиано. Елегии, ноктюрни, серенади, песни без думи, баркароли |
| УДК код | 786.2.083.4 |
| УДК – определител | (086.7) |
| УДК – код + определител | 786.2.083.4(086.7) |
| 100 ## - Редна дума - Автор | |
| R(LIN) | 387669 |
| Автор | Dessau, Paul |
| 245 ## - Сведения за заглавието | |
| Заглавие | Lieder |
| Авторска отговорност | lyricist Paul Dessau, Georg Maurer. |
| 260 ## - Област на издателските данни | |
| Място на издаване | Berlin |
| 9 (RLIN) | 210744 |
| Име на издателя | Deutsche Schallplatten |
| Година на издаване | 1969 |
| 300 ## - Физическа характеристика | |
| Брой страници | 1 грамофонна плоча |
| Илюстрации | 33 об/мин, стерео |
| Размер | 30 см |
| 380 ## - Жанр | |
| Жанр | Изкуство |
| 490 ## - СЕРИИ (Колекции) | |
| Серия | Eterna |
| 9 (RLIN) | 493861 |
| 490 ## - СЕРИИ (Колекции) | |
| 9 (RLIN) | 494075 |
| Серия | Unsere neue Musik |
| Номер в серията | 37 |
| 500 ## - Общи забележки | |
| Обща забележка | А: <br/>Froher Morgen : (Streckt euch, Zweige, erwacht)<br/>An die Bäume : (nun komm ich zu euch gelaufen)<br/>Intermezzo : (Die Bäume können Flöte spielen)<br/>Am Froschtümpel : (Frösch nur sind in der Welt)<br/>Menschenwitze : (Darf ich euch stören, Bäume?)<br/>Der Schlaf : (Der Schlaf zwingt mich in seine Arme)<br/>Konzert " (Die Vögel haben nachts gelauscht<br/>Mein Kind : (Du bist von den Blumen gekommen<br/>Licht : Finsternis ist keine Farbe)<br/>Sonnenuntergang : (Ach, wie eine Frucht von Süden). <br/>В:<br/>Alles für die Liebste : (Arbeit bringt uns vorwärts, Leute)<br/>Schöne Tage : (Komm, o komme Regen)<br/>Der Stör (Als alle Kreatur lachte, sagte der Stör)<br/>Mittags : (So! sagt der Himmel zu der Wiese)<br/>Zu den Sternen : (Weil wir uns im Röntgenschatten kennen)<br/>Jahreskreis : (Seht, dreihundertfünfundsechzig Tage)<br/>Küsse (Süsse Küsse wollen nicht gern enden)<br/>Dreistrophig : (Auf dem Instrumente von drei Saiten)<br/>Philosophen und die Liebe : (Du beliebst mir grün zu blinken)<br/>Weltklavier : (Die Atome auf dem Weltklavier)<br/>Rundgesang : (Freude, Freude heisst der Kreis) |
| 511 ## - Забележка за участници или изпълнители | |
| Забележка за участници | Sylvia Geszty, Jola Koziel, sopranos ; Annelies Burmeister, alto ; Peter Schreier, tenor ; Vladimir Bauer, baritone ; Siegfried Vogel, bass ; Walter Olbertz, piano. |
| 520 ## - Забележка за наличие на резюме, анотация и т.н | |
| Анотация, рецензия | Program notes in German by Fritz Hennenberg with summaries in English and French, and German words of the songs. - Sung in German |
| 650 #7 - Допълнително описание по предмет – тема | |
| 9 (RLIN) | 166259 |
| Предметна рубрика | Пиано - песни |
| 700 ## - Други автори (авторска отговорност) | |
| 9 (RLIN) | 495526 |
| Друг автор | Maurer, Georg |
| 852 ## - Местоположение | |
| Сигнатура (форматна) | Ф II 3303 |
| Отдел | Хранилище |
| 942 ## - АРТИКУЛИ | |
| Вид на библиотечния документ | Грамофонни плочи |
| Скрит в OPAC | Не |
| 944 ## - СЪЗДАВАНЕ И РЕДАКЦИЯ на ЗАПИСА | |
| Дата на регистрацията/редакция | Севдалина Тодорова |
| Служител, извършил регистрацията/редакцията | |
| Статус, дата на статуса | CRON CRON |
| Създаване/Редакция | |
| 999 ## - СИСТЕМНИ КОНТРОЛНИ НОМЕРА | |
| Koha biblionumber | 519841 |
| Koha biblioitemnumber | 519841 |
| Код за отписване | Код за изгубен артикул | Източник на класификационната схема | Код за повреда | Коз за рестрикции | Код за отдаване | Артикулен № | Име на библиотеката - собственик | Име на библиотеката, в която се намира в момента | Статус (Текущо местоположение) | Дата на вписване в системата | Местоположение - отдел | Цена в лева | Инвентарен номер | Систематично азбучна сигнатура | Баркод | Цена в евро | Служебен тип на артикула |
|---|---|---|---|---|---|---|---|---|---|---|---|---|---|---|---|---|---|
| Не е изгубен | Universal Decimal Classification | Не е повреден | само за читалня | ползва се в читалня | 952542 | Регионална библиотека "Любен Каравелов" Русе | Регионална библиотека "Любен Каравелов" Русе | Хранилище | 2024-10-21 | Основен фонд - ползва се само за читалня | 6.00 | 7864 | Ф ІІ 3303 | 900000109247 | 3.07 | Грамофонни плочи |